[Event "39th Olympiad Women"]
[Site "Khanty-Mansiysk RUS"]
[Date "2010.10.01"]
[Round "10"]
[White "Danielian,E"]
[Black "Socko,M"]
[Result "0-1"]
[WhiteElo "2466"]
[BlackElo "2486"]

1.d4 e6 2.c4 Nf6 3.Nf3 b6 4.a3 Bb7 5.Nc3 d5 6.Bg5 Be7 7.Qa4+ Bc6 8.Qb3 O-O
9.Bxf6 Bxf6 10.cxd5 Bxd5 11.Nxd5 exd5 12.Rd1 c5 13.e3 c4 14.Qc2 Nc6 15.Be2 b5
16.O-O Qd7 17.Rfe1 a5 18.e4 Rfe8 19.e5 Be7 20.Bf1 b4 21.g3 bxa3 22.bxa3 Rab8
23.Re3 Rb6 24.h4 Reb8 25.Qa4 Rb3 26.Rde1 Rxe3 27.Rxe3 Rb1 28.Kg2 Qb7 29.e6 f6
30.Bxc4 dxc4 31.d5 Ne5 32.Qe8+ Bf8 33.Nxe5 fxe5 34.Rf3 Qe7 35.Qc8 Qd6 36.Qxc4 Rd1
37.Qb5 Qd8 38.Qc6 Rxd5 39.e7 Bxe7 40.Qe6+ Kh8 41.Rf7 Bf6 42.Qc6 Rd6 43.Qc5 Qa8+
44.f3 Rd2+ 45.Kh3 Rd8 46.Qb6 Qd5 47.Rxf6 gxf6 48.Qxf6+ Kg8 49.Qg5+ Kf7 50.Qh5+ Kf8
51.Qh6+ Ke8 52.Qh5+ Ke7 53.Qxh7+ Kd6 54.Kg2 Kc6 55.Qg6+ Kb5 56.h5 Qd2+ 57.Kh3 Qd1
58.a4+ Kc5 59.Qf7 Rd4 60.Qe7+ Kc4 61.Qf7+ Kb4 62.g4 Rf4 63.Qb7+ Ka3 64.Kg3 Qe1+
65.Kg2 Rb4 66.Qe7 Ka2 67.Qf7+ Ka1 68.Kh3 Qh1+ 69.Kg3 Rb2  0-1

[Event "FSIMA October"]
[Site "Budapest HUN"]
[Date "2010.10.03"]
[Round "2"]
[White "Vegh,E"]
[Black "Battey,A"]
[Result "1/2-1/2"]
[WhiteElo "2260"]
[BlackElo "2157"]

1.d4 Nf6 2.c4 e6 3.Nf3 b6 4.a3 Bb7 5.Nc3 d5 6.Bg5 dxc4 7.e4 Be7 8.Bxf6 Bxf6
9.e5 Be7 10.Bxc4 c6 11.Qe2 a5 12.O-O Na6 13.Ne4 Nc7 14.Rfd1 O-O 15.Rac1 Nd5
16.g3 Rc8 17.h4 h6 18.h5 c5 19.dxc5 Bxc5 20.Ba2 Qe7 21.Bb1 f5 22.exf6 Nxf6
23.Nxc5 Rxc5 24.Rxc5 Bxf3 25.Qxf3 Qxc5 26.Bg6 Nh7 27.Bxh7+ Kxh7 28.Qe2 e5  1/2-1/2

[Event "21st Open"]
[Site "Goch GER"]
[Date "2010.10.03"]
[Round "7.62"]
[White "Stelter,W"]
[Black "Densing,G"]
[Result "0-1"]
[WhiteElo "1745"]
[BlackElo "1856"]

1.d4 Nf6 2.c4 e6 3.Nf3 b6 4.a3 Bb7 5.Nc3 c5 6.d5 exd5 7.cxd5 d6 8.e4 Nbd7
9.Bd3 Be7 10.O-O O-O 11.h3 a6 12.a4 Re8 13.Bg5 h6 14.Bh4 Nxd5 15.Bg3 Nb4
16.Bc4 Nf6 17.Qb3 Rf8 18.Rfe1 Nc6 19.Qa2 b5 20.Bf1 Nd4 21.Nxd4 cxd4 22.Nd5 Nxd5
23.exd5 Bf6 24.axb5 axb5 25.Qb3 Rxa1 26.Rxa1 Qb6 27.Bf4 Be5 28.Bd2 Qc5 29.Qxb5 Qxb5
30.Bxb5 Bxd5 31.Bd3 Bb3 32.f4 Bf6 33.g4 d5 34.g5 hxg5 35.fxg5 Be5 36.g6 f5
37.Bb4 Rb8 38.Bxf5 Rxb4 39.Be6+ Kf8 40.Ra7 d3 41.Rf7+ Ke8  0-1

[Event "TCh-SWE Elitserien 2010-11"]
[Site "Sweden SWE"]
[Date "2010.10.08"]
[Round "1"]
[White "Sjodahl,P"]
[Black "Brynell,S"]
[Result "1/2-1/2"]
[WhiteElo "2413"]
[BlackElo "2492"]

1.d4 e6 2.c4 Nf6 3.Nf3 b6 4.a3 c5 5.d5 Ba6 6.b3 exd5 7.cxd5 g6 8.Ra2 Bg7
9.e4 Bxf1 10.Kxf1 d6 11.Re2 O-O 12.g3 Re8 13.Qd3 a6 14.Kg2 b5 15.Rhe1 Nbd7
16.Bb2 Qb6 17.Nbd2 Qb7 18.Qb1 Rac8 19.Qa1 Nh5 20.Bxg7 Nxg7 21.Ng1 Ne5 22.f3 c4
23.bxc4 Nxc4 24.Nh3 Qb6 25.Nf2 h5 26.Nb3 Ne5 27.f4 Ng4 28.Nd1 Qd8 29.h3 Nf6
30.Nd4 Nd7 31.Nc6 Qb6 32.Nf2 Nb8 33.Nxb8 Qxb8 34.Qf6 Rc5 35.Nd3 Rc4 36.Nb4 Qd8
37.Qxd8 Rxd8 38.Re3 Ra8 39.Kf3 Ne8 40.e5 Kf8 41.Rd1 a5 42.Nc6 b4 43.axb4 axb4
44.Rb1 Ra4 45.Reb3 Ra3 46.Rxa3 bxa3 47.Rb8 a2 48.Ra8 dxe5 49.fxe5 a1=Q 50.Rxa1 Nc7
51.Na5 Rc5 52.d6 Ne6 53.Nb7 Rb5 54.Ra7 Rb3+ 55.Kf2 Rb2+ 56.Ke3 Rb5 57.Kf2 Rb2+
58.Kf3 Rb3+ 59.Kf2  1/2-1/2

[Event "TCh-NED"]
[Site "Netherlands NED"]
[Date "2010.10.09"]
[Round "2.6"]
[White "Tjiam,D"]
[Black "Chuchelov,Vladimir"]
[Result "1/2-1/2"]
[WhiteElo "2398"]
[BlackElo "2565"]

1.d4 Nf6 2.c4 e6 3.Nf3 b6 4.a3 Ba6 5.Nbd2 Bb7 6.e3 c5 7.Bd3 cxd4 8.exd4 Be7
9.b3 O-O 10.Bb2 d5 11.O-O Nc6 12.Qe2 Rc8 13.Rfe1 Re8 14.Qe3 Bf8 15.Rad1 g6
16.Ne5 Bg7 17.Ndf3 dxc4 18.bxc4 Qc7 19.Bf1 Nxe5 20.Nxe5 Ne4 21.Rc1 Nd6 22.Qb3 Qd8
23.Rcd1 Nf5 24.c5 Bd5 25.Qb4 bxc5 26.dxc5 Rb8 27.Qd2 Qc7 28.Ba1 Red8 29.Nd3 Bxa1
30.Rxa1 Rb3 31.Qg5 Qe7 32.Qxe7 Nxe7 33.Rec1 Rc8 34.Nb4 a5 35.Nxd5 Nxd5 36.Bc4 Rb2
37.Bxd5 exd5 38.c6 Rb6 39.Rc5 Rbxc6 40.Rxd5 Rc1+ 41.Rd1 Rxa1 42.Rxa1 Rc3
43.h4 a4 44.g3 h5 45.Kg2 Kg7 46.Ra2 Kf6 47.Rb2 Rxa3 48.Rb6+ Kg7 49.Ra6 Ra2
50.Ra7 a3 51.Ra6 Ra1 52.Kf3 Kf8 53.Ra7 Ra2 54.Kg2 Ke8 55.Kf3 Ra1 56.Kg2 Kf8
57.Kf3 Ke8 58.Kg2  1/2-1/2

[Event "TCh-BEL 2010-11"]
[Site "Ghent BEL"]
[Date "2010.10.10"]
[Round "2.5"]
[White "Tjiam,D"]
[Black "Alienkin,A"]
[Result "1/2-1/2"]
[WhiteElo "2398"]
[BlackElo "2384"]

1.d4 Nf6 2.c4 e6 3.Nf3 b6 4.a3 Ba6 5.Nbd2 Bb7 6.e3 g6 7.Bd3 Bg7 8.e4 d6 9.Qc2 O-O
10.O-O Nbd7 11.Rb1 c5 12.d5 exd5 13.cxd5 Ng4 14.Nc4 Ba6 15.Ne3 Bxd3 16.Qxd3 Nxe3
17.Bxe3  1/2-1/2

[Event "Karen Asrian Memorial"]
[Site "Jermuk ARM"]
[Date "2010.10.13"]
[Round "9"]
[White "Harutyunian,T"]
[Black "Khojayan,V"]
[Result "1/2-1/2"]
[WhiteElo "2063"]
[BlackElo "2219"]

1.d4 Nf6 2.Nf3 e6 3.c4 b6 4.a3 Bb7 5.Nc3 d5 6.cxd5 Nxd5 7.Qc2 Be7 8.Bd2 O-O
9.e4 Nxc3 10.Bxc3 c5 11.Rd1 Qc8 12.d5 exd5 13.exd5 Rd8 14.Bd3 h6 15.Bh7+ Kf8
16.O-O Rxd5 17.Rxd5 Bxd5 18.Be4 Bxe4 19.Qxe4 Nc6 20.Qh7 f6 21.Re1 Kf7 22.Nh4 Qg4
23.Nf5 Qg5 24.h4 Rh8 25.hxg5 Rxh7  1/2-1/2

[Event "15th European Club Cup Women"]
[Site "Plovdiv BUL"]
[Date "2010.10.21"]
[Round "5"]
[White "Javakhishvili,L"]
[Black "Socko,M"]
[Result "1/2-1/2"]
[WhiteElo "2451"]
[BlackElo "2486"]

1.d4 Nf6 2.c4 e6 3.Nf3 b6 4.a3 Ba6 5.Qb3 Nc6 6.e3 Be7 7.Nc3 O-O 8.Qa4 Bb7
9.b4 a5 10.b5 Nb8 11.Be2 d5 12.O-O Nbd7 13.Rd1 Bd6 14.Bb2 Qe7 15.cxd5 exd5
16.Qb3 Rfe8 17.a4 Ng4 18.Rd3 Ndf6 19.h3 Nh6 20.Ne5 Rad8 21.f4 Nf5 22.Kh2 Ne4
23.Nxe4 dxe4 24.Rc3 Bxe5 25.fxe5 Bd5 26.Bc4 Bxc4 27.Qxc4 Qg5 28.Qe2 Qg3+
29.Kg1 Nh4 30.Qf2 Nf3+ 31.Kf1 Qxf2+ 32.Kxf2 Nxe5 33.dxe5 Rd2+ 34.Kg3 Rxb2
35.Kf4 Rxg2 36.Rxc7 f6 37.Rd1 h6 38.exf6 Rf2+ 39.Kg4 Rxf6 40.Rdd7 Rg6+ 41.Kf4 Rf6+
42.Kg4 Rg6+ 43.Kf4 Rf6+ 44.Kg4 Rg6+ 45.Kf4  1/2-1/2

[Event "CONPET Cup 2010"]
[Site "Ploiesti ROU"]
[Date "2010.10.23"]
[Round "2.3"]
[White "Cimpoiasu,D"]
[Black "Telea,S"]
[Result "1/2-1/2"]
[WhiteElo "1905"]
[BlackElo "2157"]

1.d4 Nf6 2.c4 e6 3.Nf3 b6 4.a3 Bb7 5.Nc3 Be7 6.Bf4 O-O 7.e3 Nh5 8.Bg3 f5
9.d5 Bf6 10.Nd4 Nxg3 11.hxg3 c5 12.Ndb5 a6 13.Nd6 Qc7 14.Nxb7 Qxb7 15.Qh5 h6
16.O-O-O Bxc3 17.bxc3 Qc7 18.Qg6 Rf6 19.Qe8+ Rf8 20.Qg6 Rf6 21.Qe8+ Rf8 22.Qg6 Qe5
23.Kc2 Rf6 24.Qe8+ Rf8 25.Qg6 Rf6 26.Qe8+ Rf8  1/2-1/2

[Event "11th Liberec Open"]
[Site "Liberec CZE"]
[Date "2010.10.26"]
[Round "4"]
[White "Silauskas,Kestutis"]
[Black "Zdrazil,B"]
[Result "1/2-1/2"]
[WhiteElo "1604"]
[BlackElo "1915"]

1.d4 Nf6 2.c4 e6 3.Nf3 b6 4.a3 Bb7 5.Nc3 Be7 6.Bg5 h6 7.Bh4 Ne4 8.Bxe7 Qxe7
9.Nxe4 Bxe4 10.e3 O-O 11.Bd3 Bxd3 12.Qxd3 a5 13.O-O a4 14.e4 d6 15.h3 Nd7
16.Rad1 Ra5 17.Rfe1 Rb8 18.Qc3 Ra7 19.e5 Ra5 20.d5 Rc5  1/2-1/2

[Event "WY Boys-U14"]
[Site "Porto Carras GRE"]
[Date "2010.10.26"]
[Round "7.11"]
[White "Harutyunian,T"]
[Black "Alekseenko,K"]
[Result "0-1"]
[WhiteElo "2063"]
[BlackElo "2284"]

1.d4 Nf6 2.Nf3 e6 3.c4 b6 4.a3 Bb7 5.Nc3 d5 6.cxd5 exd5 7.Bf4 Bd6 8.Bxd6 Qxd6
9.e3 a6 10.Bd3 Nbd7 11.O-O O-O 12.Rc1 Rfe8 13.Qc2 Rac8 14.Rfd1 Ne4 15.Bxe4 dxe4
16.Nd2 f5 17.b4 Re6 18.Ne2 g5 19.Ng3 Rf6 20.Qb1 Bd5 21.f3 exf3 22.gxf3 Rcf8
23.e4 fxe4 24.fxe4 Be6 25.Nc4 Bxc4 26.Rxc4 Qf4 27.Qb3 Kh8 28.Rc2 Qg4 29.Rg2 c5
30.Re1 Rf3 31.Qb2 c4 32.Nf5 Qf4 33.Qc1 Qxc1 34.Rxc1 b5 35.Rxg5 Rg8 36.Rxg8+ Kxg8
37.Rf1 Rxa3 38.e5 Kf7 39.Ne3+ Ke6 40.Kf2 Nb6 41.Rd1 a5 42.bxa5 Rxa5 43.Rc1 Nd5
44.Nf1 c3 45.Ne3 b4 46.Nxd5 Kxd5 47.Ke3 Kc4 48.e6 b3 49.e7 Ra8 50.d5 b2 51.Rf1 c2
52.Rf8 c1=Q+ 53.Kf2 Qd2+  0-1

[Event "Chigorin Mem Classic Open"]
[Site "St Petersburg RUS"]
[Date "2010.10.28"]
[Round "1"]
[White "Levin,Ev"]
[Black "Vafin,A"]
[Result "1-0"]
[WhiteElo "2483"]
[BlackElo "2129"]

1.d4 Nf6 2.Nf3 e6 3.c4 b6 4.a3 Bb7 5.Nc3 d5 6.cxd5 exd5 7.Bf4 Bd6 8.Bg3 Bxg3
9.hxg3 Nbd7 10.e3 a6 11.Bd3 Ne4 12.Bxe4 dxe4 13.Nd2 Nf6 14.g4 Qe7 15.g5 Nd5
16.Nxd5 Bxd5 17.Qg4 c5 18.Qf5 Rd8 19.dxc5 bxc5 20.Rh4 Bb7 21.O-O-O Rd5 22.Qf4 Qxg5
23.Qxe4+ Qe7 24.Rxh7 Rxh7 25.Qxh7 Qf6 26.Qh8+ Ke7 27.Qb8 Rd7 28.Nc4 Rxd1+
29.Kxd1 Bxg2 30.Qc7+ Ke8 31.Nd6+ Kf8 32.Qc8+  1-0

[Event "WY Boys-U18"]
[Site "Porto Carras GRE"]
[Date "2010.10.29"]
[Round "10.16"]
[White "Sieciechowicz,M"]
[Black "Griffiths,R"]
[Result "1-0"]
[WhiteElo "2443"]
[BlackElo "2283"]

1.d4 Nf6 2.c4 e6 3.Nf3 b6 4.a3 Ba6 5.e3 d5 6.Nbd2 Be7 7.Qa4+ c6 8.Qc2 O-O
9.b4 c5 10.dxc5 bxc5 11.b5 Bb7 12.Bb2 Nbd7 13.Bd3 Qc7 14.O-O Bd6 15.h3 a6
16.a4 axb5 17.axb5 Rfe8 18.Bc3 h6 19.Rfb1 Nb6 20.Rc1 Rxa1 21.Rxa1 Ra8 22.Rxa8+ Bxa8
23.Qb2 Nbd7 24.Qa1 Qb8 25.Kf1 Qb7 26.Be2 Qb8 27.Kg1 Kf8 28.Nb3 Ke7 29.Na5 Qb6
30.Qa4 Ne8 31.cxd5 exd5 32.Nc4 Qb8 33.Nxd6 Kxd6 34.Ne5 Ke7 35.Nxd7 Kxd7 36.Qa3 Nc7
37.Qxc5 Ne6 38.Bg4 Ke8 39.Bxe6 fxe6 40.Bxg7 Kf7 41.Bxh6  1-0

[Event "Spartak GM"]
[Site "Subotica SRB"]
[Date "2010.10.29"]
[Round "9"]
[White "Kosic,D"]
[Black "Sax,G"]
[Result "1/2-1/2"]
[WhiteElo "2481"]
[BlackElo "2529"]

1.d4 Nf6 2.Nf3 e6 3.c4 b6 4.a3 Bb7 5.Nc3 d5 6.Bg5 Be7 7.Bxf6 Bxf6 8.cxd5 exd5
9.e3 O-O 10.Be2 Qe7 11.O-O Rd8 12.b4  1/2-1/2

[Event "14th OIBM"]
[Site "Bad Wiessee GER"]
[Date "2010.10.31"]
[Round "3.46"]
[White "Klee,H"]
[Black "Brodsky,M"]
[Result "0-1"]
[WhiteElo "2143"]
[BlackElo "2549"]

1.d4 Nf6 2.Nf3 e6 3.c4 b6 4.a3 c5 5.d5 Ba6 6.Qc2 exd5 7.cxd5 g6 8.Nc3 Bg7
9.e4 Bxf1 10.Kxf1 d6 11.g3 O-O 12.Kg2 a6 13.a4 Nbd7 14.Re1 Qc7 15.Bg5 Rfe8
16.h3 Qb7 17.Qd3 Rac8 18.Bf4 c4 19.Qc2 Qc7 20.Rad1 Nc5 21.Re2 Nfd7 22.Ne1 Nb3
23.Be3 Ndc5 24.f3 Qd7 25.Bf2 Rb8 26.f4 b5 27.axb5 axb5 28.Na2 f5 29.exf5 Rxe2
30.Qxe2 Re8 31.Qc2 Qxf5 32.Qxf5 gxf5 33.Nc3 Bxc3 34.bxc3 Na4 35.Nf3 Nxc3
36.Rf1 Re2 37.Nh4 Ne4 38.Nxf5 c3 39.Kf3 Rxf2+ 40.Rxf2 Nxf2  0-1

[Event "Chigorin Mem Classic Open"]
[Site "St Petersburg RUS"]
[Date "2010.10.31"]
[Round "4"]
[White "Lakerbaya,T"]
[Black "Khuseinkhodzhaev,M"]
[Result "0-1"]
[WhiteElo "2134"]
[BlackElo "2391"]

1.d4 Nf6 2.Nf3 e6 3.c4 b6 4.a3 Bb7 5.Nc3 Ne4 6.Nxe4 Bxe4 7.g3 d5 8.cxd5 Qxd5
9.Bg2 Be7 10.O-O Nc6 11.Bf4 Rc8 12.Rc1 O-O 13.Qd2 Bf6 14.Rfd1 Nxd4 15.Nxd4 Bxg2
16.Nc6 Qxd2 17.Rxd2 Bxc6 18.Rxc6 e5 19.Be3 Rfd8 20.Rdc2 Rd7 21.a4 Kf8 22.a5 bxa5
23.Bxa7 Ra8 24.Be3 Bd8 25.Kg2 Ke8 26.g4 Rd5 27.Kf3 Rb8 28.Ra6 Kd7 29.Ra7 Rb4
30.Kg3 f6 31.h3 Rb3 32.Kg2 Kc8 33.Bd2 Rbb5 34.e4 Kb8 35.Be3 Rd3 36.Ra6 Be7
37.Rac6 Bd6 38.g5 Kb7 39.gxf6 gxf6 40.R6c4 Rdb3 41.Bc1 R5b4 42.f3 Rxc4 43.Rxc4 Kb6
44.Kg3 Bc5 45.Kg4 Bd4 46.Rc2 c5 47.h4 Kc6 48.f4 exf4 49.Kxf4 h5 50.Bd2 Rxb2
51.Rxb2 Bxb2 52.Bxa5 c4 53.Ke3 Kc5 54.Bd8 Kb4 55.Be7+ Kb3 56.Ke2 Be5  0-1

[Event "20th World Seniors"]
[Site "Arco ITA"]
[Date "2010.11.04"]
[Round "9"]
[White "Butnorius,A"]
[Black "Wahlbom,M"]
[Result "0-1"]
[WhiteElo "2439"]
[BlackElo "2282"]

1.d4 Nf6 2.Nf3 e6 3.c4 b6 4.a3 Bb7 5.Nc3 g6 6.Bg5 Bg7 7.e3 O-O 8.Be2 d6 9.O-O h6
10.Bh4 g5 11.Bg3 Nh5 12.d5 Nxg3 13.hxg3 Bxc3 14.bxc3 Nd7 15.Nd4 Nc5 16.f4 Qf6
17.dxe6 fxe6 18.Bf3 Be4 19.Bxe4 Nxe4 20.Qg4 Nc5 21.e4 Rae8 22.Rae1 Qg7 23.Qh5 Re7
24.e5 Kh7 25.Qe2 Qg6 26.exd6 cxd6 27.f5 Qg7 28.fxe6 Rxf1+ 29.Rxf1 Qg6 30.Rf3 Kg8
31.Qf2 Nxe6 32.Rf6 Qb1+ 33.Kh2 Ng7 34.Rxd6 Re1 35.g4 Rh1+ 36.Kg3 Qe4 37.Rd8+ Kh7
38.Rd7 Qe5+  0-1

[Event "14th OIBM"]
[Site "Bad Wiessee GER"]
[Date "2010.11.04"]
[Round "7.23"]
[White "Meister,P"]
[Black "Seyb,D"]
[Result "0-1"]
[WhiteElo "2446"]
[BlackElo "2254"]

1.d4 Nf6 2.c4 e6 3.Nf3 b6 4.a3 Ba6 5.Nbd2 c5 6.dxc5 bxc5 7.e3 Be7 8.Bd3 O-O
9.O-O Qc7 10.Qc2 Nc6 11.b3 Rab8 12.Bb2 h6 13.Rfd1 d6 14.Bc3 Bc8 15.Rab1 a5
16.Ne4 Ne8 17.Ng3 f5 18.h3 Bf6 19.Be1 g6 20.Bf1 Bg7 21.Ne2 Nf6 22.Nc3 Na7
23.e4 Bb7 24.Bd3 Nh5 25.Nh4 Qf7 26.exf5 gxf5 27.Be2 Rbd8 28.Bf3 Nc6 29.Nb5 Qf6
30.Nxd6 Nd4 31.Rxd4 Bxf3 32.Ndxf5 cxd4 33.Nxg7 Qxh4 34.Nxe6 Be4 35.Qd1 Bxb1
36.f4 Qf6 37.Nxd8 Bg6 38.Bxa5 Nxf4 39.c5 Nd5 40.Qg4 d3  0-1

[Event "Chigorin Mem Classic Open"]
[Site "St Petersburg RUS"]
[Date "2010.11.04"]
[Round "8"]
[White "Korobov,A"]
[Black "Gasanov,E"]
[Result "1-0"]
[WhiteElo "2670"]
[BlackElo "2482"]

1.d4 Nf6 2.c4 e6 3.Nf3 b6 4.a3 Bb7 5.Nc3 d5 6.cxd5 Nxd5 7.Qc2 Nxc3 8.bxc3 Be7
9.e4 O-O 10.Bd3 c5 11.O-O cxd4 12.cxd4 Qc8 13.Qe2 Ba6 14.Rd1 Bxd3 15.Rxd3 Nd7
16.Bb2 Qa6 17.Rad1 Rac8 18.h4 Rfe8 19.R1d2 h6 20.Qe3 Qb7 21.d5 exd5 22.Rxd5 Nc5
23.Qf4 Bf8 24.Qf5 Rxe4 25.Ne5 Rc7 26.f3 Re2 27.Rd7 Rxd7 28.Rxd7 Qxd7 29.Nxd7 Nxd7
30.Bxg7 Kxg7 31.Qg4+ Kf6 32.Qxd7 Bxa3 33.Qxa7 Bc5+ 34.Kh2 Kg7 35.Qa1+ Kg8
36.Kh3 Bf8 37.Qb1 Re6 38.Qf5 Bg7 39.f4 Re3+ 40.Kg4 Re6 41.Kh5 Rc6 42.Qd7 Rc5+
43.f5 b5 44.g4 b4 45.g5 hxg5 46.hxg5 Re5 47.g6  1-0

[Event "VII Open"]
[Site "Figueira da Foz POR"]
[Date "2010.11.05"]
[Round "7.5"]
[White "Santos,AntonioP"]
[Black "Corrales Jimenez,F"]
[Result "0-1"]
[WhiteElo "2326"]
[BlackElo "2599"]

1.d4 Nf6 2.c4 e6 3.Nf3 b6 4.a3 Bb7 5.Nc3 d5 6.cxd5 Nxd5 7.Qc2 Nd7 8.Nxd5 exd5
9.g3 Bd6 10.Bg2 O-O 11.O-O Re8 12.Rd1 Qe7 13.Bf1 Nf6 14.Bg5 h6 15.Bxf6 Qxf6
16.Rac1 c5 17.Bg2 Rac8 18.Qd2 c4 19.Ne1 Qe6 20.Bf3 g5 21.Nc2 f5 22.Ne3 g4
23.Bh1 Kg7 24.Rxc4 dxc4 25.Bxb7 Rc7 26.Bd5 Qf6 27.Nxc4 f4 28.e4 fxe3 29.Nxe3 Qg5
30.Ba2 h5 31.Qd3 Kh8 32.Bb1 Rf8 33.Nf5 Rf6 34.Nh4 Rcf7 35.Ng6+ Kg8 36.Ne5 Bxe5
37.dxe5 Rf3 38.Qe4 Re7 39.e6 Rf8 40.Ba2 Qf5 41.Qe3 Qc5 42.Qe2 Kg7 43.Bd5 Rf5
44.Qd2 Re8 45.Ba2 Re7 46.b4 Qe5 47.Bb3 Rf3 48.Qd8 Rc7 49.Bc4 Rxc4 50.Qd7+ Kg8
51.Qd8+ Kg7 52.Qd7+ Kf6 53.Qf7+ Kg5 54.Qg8+ Kh6 55.e7 Rd4 56.Qf8+ Kh7 57.e8=Q Rxd1+
58.Kg2 Rxg3+ 59.fxg3 Qd5+ 60.Kf2 Qd4+ 61.Qe3 Rd2+ 62.Kf1 Qc4+ 63.Kg1 Rd1+
64.Kg2 Qc2+  0-1

[Event "ch-ISR"]
[Site "Haifa ISR"]
[Date "2010.11.08"]
[Round "1.4"]
[White "Galburd,Y"]
[Black "Nabaty,T"]
[Result "0-1"]
[WhiteElo "2322"]
[BlackElo "2529"]

1.d4 Nf6 2.c4 e6 3.Nf3 b6 4.a3 Ba6 5.Qa4 c5 6.e3 Be7 7.Nc3 O-O 8.d5 b5 9.cxb5 Bb7
10.dxe6 fxe6 11.Bd3 d5 12.Qh4 h6 13.O-O Nbd7 14.Qh3 Qb6 15.Na4 Qd6 16.Qg3 e5
17.Nh4 e4 18.Nf5 Qxg3 19.Nxe7+ Kh7 20.fxg3 exd3 21.b4 c4 22.Bb2 a6 23.Nc3 g6
24.Nc6 axb5 25.Nd4 Ng4 26.Ne6 Rf5 27.Rxf5 gxf5 28.Nc7 Rd8 29.N7xd5 Bxd5 30.Nxd5 Nde5
31.Nf6+ Nxf6 32.Bxe5 Ne4 33.Kf1 c3  0-1

[Event "ch-UKR w"]
[Site "Poltava UKR"]
[Date "2010.11.17"]
[Round "5"]
[White "Kostiukova,L"]
[Black "Tkachova,A"]
[Result "1-0"]
[WhiteElo "2216"]
[BlackElo "1935"]

1.d4 Nf6 2.c4 e6 3.Nf3 b6 4.a3 Bb7 5.Nc3 Be7 6.e3 d6 7.Bd3 O-O 8.O-O c5 9.b4 Nbd7
10.Bb2 d5 11.bxc5 bxc5 12.cxd5 Nxd5 13.Nxd5 Bxd5 14.e4 Bb7 15.Rb1 Qc7 16.Qe2 Rfc8
17.Rfc1 Qd6 18.Rd1 cxd4 19.Bxd4 Bc6 20.Ba6 Re8 21.Bxg7 Qxa3 22.Bb2 Qa4 23.Nd4 Bf6
24.Nxc6 Qxc6 25.Bb5  1-0

[Event "TCh-NED"]
[Site "Netherlands NED"]
[Date "2010.11.20"]
[Round "3.9"]
[White "Delemarre,J"]
[Black "Van Ketel,R"]
[Result "1/2-1/2"]
[WhiteElo "2458"]
[BlackElo "2266"]

1.d4 e6 2.c4 Nf6 3.Nf3 b6 4.a3 Bb7 5.Nc3 d5 6.cxd5 Nxd5 7.Bd2 Nd7 8.Qc2 c5
9.e4 Nxc3 10.Bxc3 cxd4 11.Nxd4 a6 12.Be2 Qh4 13.Bf3 Bc5 14.Nb3 O-O 15.O-O Bd6
16.g3 Qe7 17.Rfd1 Rfd8 18.Bg2 Rac8 19.Qe2 Nc5 20.Nxc5 Bxc5 21.Rxd8+ Rxd8
22.Rd1 b5 23.Qg4 Rxd1+ 24.Qxd1 e5 25.b4 Bb6 26.Qa1 f6 27.a4 Qd7 28.axb5 axb5
29.Bf1 Bxe4 30.Qa6 Qf5 31.Qxb6 Qf3 32.Qe6+ Kf8 33.Qd6+ Kf7 34.Qd7+ Kf8 35.Qd8+ Kf7
36.Qd7+ Kf8 37.Qd8+ Kf7 38.Qd7+ Kf8  1/2-1/2

[Event "4th South Bohemia Open"]
[Site "Cesky Krumlov CZE"]
[Date "2010.11.22"]
[Round "2"]
[White "Snorek,M"]
[Black "Yakimenko,Alex"]
[Result "0-1"]
[WhiteElo "2179"]
[BlackElo "2194"]

1.d4 Nf6 2.Nf3 e6 3.c4 b6 4.a3 d5 5.Nc3 Be7 6.Qa4+ c6 7.Bg5 O-O 8.Bxf6 Bxf6
9.cxd5 exd5 10.g3 Bf5 11.Bg2 b5 12.Qd1 Nd7 13.O-O Re8 14.Rc1 Nb6 15.Na2 Rc8
16.Nb4 Nc4 17.b3 a5 18.bxc4 axb4 19.cxb5 bxa3 20.bxc6 a2 21.Ra1 Qa5 22.e3 Rxc6
23.Qd2 Qxd2 24.Nxd2 Rc2 25.Nb3 Be4 26.Bxe4 dxe4 27.Rfc1 Rb2 28.Rc3 Be7 29.Nc1 Ra8
30.Kg2 g6 31.g4 Bh4 32.Kh3 Bxf2 33.d5 Be1 34.Rc6 g5 35.d6 Ra3 36.Nb3 Raxb3
37.Rxe1 a1=Q  0-1

[Event "Czech Coal Match"]
[Site "Prague CZE"]
[Date "2010.11.22"]
[Round "3"]
[White "Cmilyte,V"]
[Black "Hort,V"]
[Result "1/2-1/2"]
[WhiteElo "2514"]
[BlackElo "2473"]

1.d4 Nf6 2.c4 e6 3.Nf3 b6 4.a3 Ba6 5.Qc2 d5 6.cxd5 exd5 7.Ne5 Bd6 8.Bg5 O-O
9.Nc3 Be7 10.g3 h6 11.h4 Bb7 12.Bg2 Nbd7 13.Bxf6 Nxf6 14.O-O-O c5 15.e3 Rc8
16.Bh3 Ra8 17.f3 Bd6 18.g4 Nd7 19.f4 cxd4 20.exd4 Bxe5 21.fxe5 Qxh4 22.Qf5 Qg5+
23.Qxg5 hxg5 24.Bg2 Rfc8 25.Kb1 Rxc3 26.bxc3 Rc8 27.Rc1 b5 28.a4 a6 29.axb5 axb5
30.Bf1 Bc6 31.Bd3 Nf8 32.Rh2 g6 33.Kb2 Bd7 34.Be2 Rb8 35.Kb3 Ra8 36.Bf3 Bc6
37.Ra2 Rc8 38.Rh1 Kg7 39.Ra5 Ne6 40.Be2 Rb8 41.Kb4 Nf4 42.Rh2 Bd7 43.Ra7 Be6
44.Rc7 Nxe2 45.Rxe2 Bxg4 46.Rg2 Be6 47.Rxg5 Kh6 48.Rg1 g5 49.Rc5 g4 50.Rxb5 Rc8
51.Rc5 Rb8+ 52.Ka5 Kg5 53.c4 Rd8 54.cxd5 Bxd5 55.Kb6 Bf3 56.e6+ Kf6 57.exf7 Kxf7
58.Rc7+ Kf6 59.Kc5 Kf5 60.Kc4  1/2-1/2

[Event "16th Asian Games Team Men"]
[Site "Guangzhou CHN"]
[Date "2010.11.24"]
[Round "7"]
[White "Al Zendani,Z"]
[Black "Cao,S"]
[Result "0-1"]
[WhiteElo "2398"]
[BlackElo "2547"]

1.d4 e6 2.c4 Nf6 3.Nf3 b6 4.a3 Ba6 5.e3 c5 6.Nc3 Nc6 7.Qa4 Qc8 8.Bd2 cxd4
9.exd4 Be7 10.b4 Nd8 11.b5 Bb7 12.Be2 d5 13.Ne5 Nd7 14.cxd5 Nxe5 15.dxe5 exd5
16.Bf3 Qd7 17.O-O Ne6 18.Be3 Bc5 19.Bxc5 bxc5 20.Rfd1 d4 21.Bc6 Bxc6 22.bxc6 Qd8
23.Ne4 O-O 24.Rac1 Qd5 25.Nxc5 Nf4 26.f3 Ne2+ 27.Kh1 Nxc1 28.Rxc1 Qxe5 29.Nd3 Qe3
30.Qc4 Rac8 31.h3 h6 32.a4 a5 33.Qb5 Qd2 34.Rc5 Rfe8 35.c7 Qe3 36.Qa6 Kh7
37.Qb5 Re7 38.Qb7 Qe6 39.Nf4 Qd6 40.Qb1+ g6  0-1

[Event "Vasylyshyn Memorial GM"]
[Site "Lviv UKR"]
[Date "2010.11.28"]
[Round "6"]
[White "Semcesen,D"]
[Black "Grabliauskas,V"]
[Result "1/2-1/2"]
[WhiteElo "2449"]
[BlackElo "2404"]

1.d4 Nf6 2.c4 e6 3.Nf3 b6 4.a3 Bb7 5.Nc3 d5 6.cxd5 Nxd5 7.Qc2 Nxc3 8.bxc3 Nd7
9.e4 Be7 10.Bd3 c5 11.O-O Qc7 12.Qe2 O-O 13.Rd1 Rac8 14.e5 cxd4 15.cxd4 Rfd8
16.Be3 Qc3 17.Ng5 Nf8 18.Ne4 Qa5 19.Qg4 Ng6 20.f3 Ba6 21.Bd2 Qa4 22.Nc3 Rxc3
23.Bxc3 Bxd3 24.Rxd3 Qc2 25.Re3 Nh4 26.f4 Nf5 27.Rh3 Bxa3 28.Qd1 Qxd1+ 29.Rxd1 Bf8
30.Kf2 g6 31.d5 exd5 32.g4 Bc5+ 33.Ke2 Ng7 34.Rhd3 Ne6 35.Kf3 d4 36.Bb2 f5
37.exf6 Kf7 38.f5 gxf5 39.gxf5 Ng5+ 40.Kf4 Rg8 41.Bxd4 Bxd4 42.h4 Nh3+ 43.Rxh3 Bc5
44.Rd7+ Kxf6 45.Rxh7 Bd6+ 46.Ke4 Rg4+ 47.Kd5 Bg3 48.Rh5 Be1 49.Re3 Rxh4 50.Re6+ Kf7
51.Rxh4 Bxh4 52.Rc6 Ke7 53.Ke4 b5 54.Rc7+ Kf6 55.Rxa7 b4 56.Ra6+ Kf7 57.Rb6 Be1
58.Kf4 Bc3 59.Kg4 Kg7 60.Rc6 Kf7 61.Kf4 Bd2+ 62.Ke4 Bc3 63.Rb6 Ke7 64.Ke3 Kf7
65.Kf4 Bd2+ 66.Kg4 Bc3 67.Rb5 Kf6 68.Rb7 Bd2 69.Rb8 Kf7 70.Rb6 Bc3 71.Kh5 Kg7
72.Rc6 Kf7 73.Kg4 Kg7 74.Rb6 Kf7 75.Rb8 Kf6 76.Rb5 Kf7 77.Kg3 Kg7 78.Kf3 Kf7
79.Ke4 Ke7 80.Rb6 Kf7 81.Kd3 Ke7 82.Kc4 Kf7 83.Rxb4 Bxb4 84.Kxb4 Kf6 85.Kc4 Kxf5  1/2-1/2

[Event "XXIII Belgrade Trophy"]
[Site "Obrenovac SRB"]
[Date "2010.11.28"]
[Round "5.54"]
[White "Ratkovic,Milov"]
[Black "Marinkov,S"]
[Result "1-0"]
[WhiteElo "2141"]
[BlackElo "1939"]

1.d4 Nf6 2.Nf3 e6 3.c4 b6 4.a3 Bb7 5.Nc3 d5 6.cxd5 Nxd5 7.Qc2 Nxc3 8.bxc3 Nd7
9.e4 c5 10.Bd3 Rc8 11.Qe2 Be7 12.O-O O-O 13.Rd1 Qc7 14.e5 Rfd8 15.Ng5 Nf8
16.Be4 Bxe4 17.Nxe4 Nd7 18.Qg4 Kh8 19.Bg5 Bxg5 20.Qxg5 Nf8 21.Nd6 Rb8 22.Rd3 Rd7
23.Rg3 Ng6 24.Rh3 Kg8 25.Qh5 Nf8 26.Qg5 f6 27.Qh5 cxd4 28.cxd4 fxe5 29.dxe5 b5
30.Qg4 Kh8 31.Qe4 Kg8 32.Qe3 a5 33.Rc1 Qa7 34.Qxa7 Rxa7 35.Rb3 b4 36.axb4 axb4
37.g3 Ng6 38.f4 Ne7 39.Rc4 Nd5 40.Rc1 Ra3 41.Rcb1 Rxb3 42.Rxb3 Kf8 43.Kf2 Ra8
44.Rb2 Ke7 45.Kf3 Ra3+ 46.Ke4 Kd7 47.f5 b3 48.fxe6+ Kxe6 49.Nb5 Ra5 50.Nd4+ Kf7
51.Rxb3 Kg6 52.Nc6 Rc5 53.Kd4 Rxc6 54.Kxd5 Rc2 55.Rf3 Rxh2 56.e6 Rd2+ 57.Kc6 Re2
58.Kd7 h5 59.e7 Kg5 60.Rf4 Rd2+ 61.Ke8 h4 62.Rxh4 Rd3 63.Kf8 Rxg3 64.Re4 Rh3
65.e8=Q Rh8+ 66.Kxg7 Rxe8 67.Rxe8  1-0

[Event "WY U-16 Olympiad"]
[Site "Burdur TUR"]
[Date "2010.12.02"]
[Round "8"]
[White "Usmanov,V"]
[Black "Guseynov,A"]
[Result "1-0"]
[WhiteElo "2235"]
[BlackElo "2086"]

1.d4 Nf6 2.c4 e6 3.Nf3 b6 4.a3 Bb7 5.Nc3 Be7 6.d5 d6 7.e4 O-O 8.Bd3 c6 9.dxe6 fxe6
10.Ng5 Bc8 11.e5 dxe5 12.Qc2 h6 13.h4 Na6 14.Be3 Bc5 15.O-O-O Qe7 16.Bh7+ Kh8
17.Nce4 Bd4 18.Bg6 Nc5 19.Nxf6 Bxe3+ 20.fxe3 gxf6 21.Ne4 Nxe4 22.Qxe4 Bb7
23.Qg4 c5 24.Qh5 Qg7 25.Rd6 Rad8 26.Rhd1 Rxd6 27.Rxd6 Bxg2 28.Rxe6 Bh3 29.Rd6 Rg8
30.Rxf6 Bg4 31.Qxe5 Rd8 32.h5 Rd1+ 33.Kc2 Rd8 34.Qf4 Bd1+ 35.Kc1 Bb3 36.Bc2 Qg1+
37.Qf1 Qxe3+ 38.Kb1 Bxc2+ 39.Kxc2 Qd2+ 40.Kb3 Qd3+ 41.Qxd3 Rxd3+ 42.Kc2 Rg3
43.Rxh6+ Kg7 44.Rd6 Rh3 45.Rd7+ Kf8 46.Rxa7 Rxh5 47.Rb7 Rh6 48.Kb3 Ke8 49.Ka4 Kd8
50.Kb5 Rh2 51.b4 Ra2 52.Rxb6 Rxa3 53.Kxc5 Rh3 54.Rb7 Rh5+ 55.Kb6 Rh6+ 56.Kb5 Kc8
57.Rg7 Kb8 58.c5 Rf6 59.c6 Rf8 60.Ka6 Rf6 61.b5 Rh6 62.b6 Rxc6 63.Rg8+ Rc8
64.Rxc8+ Kxc8 65.Ka7  1-0